Hoa sứ về đâu? Tập truyện
v.v...
Đã lưu trong:
| Tác giả chính: | |
|---|---|
| Định dạng: | Sách |
| Năm xuất bản: |
Tp. Hồ Chí Minh
Nxb Trẻ
1999
|
| Chủ đề: | |
| Tags: |
Thêm thẻ
Không có thẻ, Hãy là người đầu tiên gắn thẻ bản ghi này!
|
| LEADER | 01183nam a2200205 4500 | ||
|---|---|---|---|
| 082 | |a 895.922334 |b L566C | ||
| 100 | |a Lưu Cẩm Vân | ||
| 245 | |a Hoa sứ về đâu? |c Lưu Cẩm Vân |b Tập truyện | ||
| 260 | |a Tp. Hồ Chí Minh |b Nxb Trẻ |c 1999 | ||
| 300 | |a 142 tr. |c 18 cm. | ||
| 520 | |a v.v... | ||
| 653 | |a Văn học hiện đại | ||
| 653 | |a Việt Nam | ||
| 653 | |a Truyện ngắn | ||
| 942 | |2 ddc |c STK0 | ||
| 999 | |c 2972 |d 2972 | ||
| 952 | |0 0 |1 0 |2 ddc |4 0 |6 895_922334000000000_L566C |7 1 |8 800 |9 34307 |a qbu |b qbu |c D5 |d 2014-12-15 |g 30000 |o 895.922334 L566C |p 917.c1 |r 0000-00-00 |w 2014-12-15 |y STK0 |0 0 |6 895_922334000000000_L566C | ||
| 952 | |0 0 |1 0 |2 ddc |4 0 |6 895_922334000000000_L566C |7 0 |8 800 |9 34308 |a qbu |b qbu |c D5 |d 2014-12-15 |g 30000 |o 895.922334 L566C |p 917.c2 |r 0000-00-00 |w 2014-12-15 |y STK0 |0 0 |6 895_922334000000000_L566C | ||
| 952 | |0 0 |1 0 |2 ddc |4 0 |6 895_922334000000000_L566C |7 0 |8 800 |9 34309 |a qbu |b qbu |c D5 |d 2014-12-15 |g 30000 |o 895.922334 L566C |p 917.c3 |r 0000-00-00 |w 2014-12-15 |y STK0 |0 0 |6 895_922334000000000_L566C | ||
| 952 | |0 0 |1 0 |2 ddc |4 0 |6 895_922334000000000_L566C |7 0 |8 800 |9 34310 |a qbu |b qbu |c D5 |d 2014-12-15 |g 30000 |o 895.922334 L566C |p 917.c4 |r 0000-00-00 |w 2014-12-15 |y STK0 |0 0 |6 895_922334000000000_L566C | ||